Calciatori dalla descrizione dalla a-z - Statistics

Statistiche generali
  • Questo quiz è stato fatto 217 volte
  • Il punteggio medio è 18 su 26
Statistiche sulle risposte
Descrizione del calciatore Giocatore % Corretto
Dopo aver segnato espose la maglia con scritto "Why always me?" B Balotelli
93%
Famoso attaccante della Sampdoria Q Quagliarella
92%
Giocatore danese che in Danimarca-Finlandia svenne a causa di un arresto cardiaco E Eriksen
91%
Compose assieme a Lautaro la LuLa L Lukaku
90%
Centrocampista portoghese soprannominato "cerdo traidor" (maiale traditore) dai tifosi blaugrana per il suo passaggio al Real Madrid nell'estate del 2000 F Figo
89%
Centrocapista francese che diede nel mondiale del 2006 diede una testata a Materazzi Z Zidane
89%
Dinastia di bandiere del Milan che continua da 3 generazioni M Maldini
88%
Attaccante particolarmente noto per aver morso numerosi avversari S Suarez
88%
Il portiere con il caschetto C Čech
87%
Il Ronaldo brasiliano N Nazario
82%
Il macellaio portoghese del Real Madrid P Pepe
82%
Primo e unico portiere ad aver vinto il pallone d'oro Y Yashin
82%
Attaccante del Leicester City capocannoniere nella stagione 2019-2020 V Vardy
81%
Centrocampista sospeso per un periodo di dieci mesi causa calcioscommesse T Tonali
79%
Ex difensore di: Lione, Barcellona, Lecce e Lille; vincitore della coppa del mondo 2018 U Umtiti
78%
Grande centrocampista del Real Madrid che adesso allena il Bayern Leverkusen X Xabi Alonso
78%
Attaccante brasiliano particolarmente noto per la forza nelle sue gambe H Hulk
77%
Il primo calciatore africano a vincere il Pallone d'oro W Weah
76%
Portiere messicano che si esalta durante i mondiali O Ochoa
73%
Terzino: T.A.A. A Arnold
67%
Storico portiere del Liverpool D Dudek
53%
Ha segnato in rovesciata contro la serbia nel mondiale 2022 R Richarlison
42%
Giocatore particolarmente famoso per essere sempre felice K Kanté
34%
Ha vinto il FIFA Puskás Award nel 2024 G Garnacho
18%
Unico calciatore del Napoli di origine ceca (Repubblica Ceca) J Jankulovski
16%
Giocatore più anziano a segnare un Poker in UCL I Ilicic
8%
Nessun quiz corrispondente trovato
Distribuzione punteggi
Percentuale di utenti per punteggio
Percentile per numero di risposta
I tuoi punteggi nel tempo
Non hai fatto questo quiz